000 00768nam a2200205Ii 4500
003 JO-AjNU
008 230605s9999||||xx |||||||||||||| ||und||
040 _aJO-AjNU
_bara
_erda
_cJO-AjNU
041 _aara
050 1 4 _aBM405 2011
100 3 _aمركز دراسات الشرق الاوسط,
_eauthor
_943833
245 0 0 _aالتلمود البابلي: المقدمة الإدارية والفنية، المقدمة العلمية، مسرد المصطلحات، الفهارس
250 _aط1
264 3 1 _aعمان: مركز دراسات الشرق الاوسط، 2011
300 _a248ص
336 _atext
_btxt
_2rdacontent
337 _aunmediated
_bn
_2rdamedia
338 _avolume
_bnc
_2rdacarrier
650 4 _aالتلمود البابلي
_943834
999 _aA18873
_c22441
_d22441